|
|
|
|
| LEADER |
00000nam a2200000 4500 |
| 008 |
190502bs.f. s.l||||| |||| 00| | spa d |
| 999 |
|
|
|c 3715
|d 3715
|
| 090 |
|
|
|a DOC #56
|
| 110 |
|
|
|9 4564
|a Casa Alianza
|
| 245 |
1 |
0 |
|a Devolviendo a los niños y niñas su infancia /
|c Casa Alianza
|
| 260 |
|
|
|a [Lugar de publicación no identificado] :
|c s.f.
|
| 300 |
|
|
|a 1 volumen (sin paginar);
|b ilustraciones
|
| 500 |
|
|
|a Casa alianza es la filial latinoamericana de Covenant House, con sede en Nueva York
|
| 650 |
1 |
4 |
|9 533
|a INFANCIA
|
| 650 |
1 |
4 |
|9 4125
|a NIÑOS DE LA CALLE
|
| 650 |
1 |
4 |
|9 570
|a DERECHOS DEL NIÑO
|
| 650 |
1 |
4 |
|9 2788
|a ORGANIZACIONES INTERNACIONALES
|
| 942 |
|
|
|i 00277
|h DOC #56
|2 z
|c 05
|